000 01470cam a2200349 a 4500
999 _c129679
_d129679
001 2105162
003 ARRUPE
005 20190603121247.0
008 960304s1996 nyu 001 0aeng
010 _a 96007429
020 _a041591096X
020 _a0415910978 (pbk.)
040 _aDLC
_cDLC
_dDLC
041 1 _aeng
_hpor
043 _as-bl---
050 0 0 _aLB880.F732
_bA413 1996
082 0 0 _a370/.92
_aB
_220
100 1 _aFreire, Paulo,
_d1921-1997.
_926953
245 1 0 _aLetters to Cristina :
_breflections on my life and work /
_cPaulo Freire ; translated from the Portuguese by Donaldo Macedo with Quilda Macedo and Alexandre Oliveira.
260 _aNew York :
_bRoutledge,
_c1996.
300 _a259 p. ;
_c24 cm.
500 _aIncludes index.
600 1 0 _aFreire, Paulo,
_d1921-1997
_xCorrespondence.
_946596
650 0 _aEducators
_zBrazil
_xBiography.
_946597
700 1 _aMacedo, Donaldo P.
_q(Donaldo Pereira),
_d1950-
_946598
856 4 2 _3Publisher description
_uhttp://www.loc.gov/catdir/enhancements/fy0651/96007429-d.html
856 4 2 _3Contributor biographical information
_uhttp://www.loc.gov/catdir/enhancements/fy1115/96007429-b.html
906 _a7
_bcbc
_corignew
_d1
_eocip
_f19
_gy-gencatlg
942 _2lcc
_cMONOGRAPH